00288nam a2200121Ia 4500008004100000100001200041245004000053260002800093300000900121650001200130942000700142999001700149190216s9999||||xx |||||||||||||| ||und|| aPain Hj 4aThe Physics Of Vibrations And Waves bJohn Wiley & Sonsc1983 a415p aPhysics cBK c33142d33142